[Event "Pornic op"]
[Site "Pornic"]
[Date "2008.08.??"]
[Round "1"]
[White "Leprince, Jean Louis"]
[Black "Saucey, Michel"]
[Result "0-1"]
[WhiteElo "1930"]
[BlackElo "2348"]
[PlyCount "64"]
[EventDate "2008.08.??"]
[EventType "swiss"]
[EventRounds "6"]
[EventCountry "FRA"]
[SourceTitle "EXT 2009"]
[Source "ChessBase"]
[SourceDate "2008.11.26"]
[SourceVersion "1"]
[SourceVersionDate "2008.11.26"]
[SourceQuality "1"]

1. d4 g6 2. Nf3 Bg7 3. c4 f5 4. Nc3 Nf6 5. Qc2 0-0 6. e4 fxe4 7. Nxe4 Nxe4 8. Qxe4 d6 9. Bd3 Nc6 10. Bd2 Bf5 11. Qe3 Bg4 12. 0-0-0 Bxf3 13. gxf3 Nxd4 14. Be4 c6 15. Bc3 e5 16. Rhg1 Qh4 17. Kb1 Qxh2 18. Rh1 Qf4 19. Bxd4 exd4 20. Qd3 Rad8 21. Rdg1 d5 22. cxd5 cxd5 23. Qb3 Qf7 24. Bd3 Qxf3 25. Rh2 Rd6 26. Rgh1 h6 27. Rg1 g5 28. Rg3 Qf4 29. Qd1 Rc6 30. a3 Rfc8 31. Ka2 Rb6 32. Rh1 Qxf2 0-1

[Event "Angers op 3rd"]
[Site "Angers"]
[Date "2008.04.27"]
[Round "5"]
[White "Leprince, Jean Louis"]
[Black "Levy, Claude"]
[Result "0-1"]
[WhiteElo "1960"]
[BlackElo "1743"]
[PlyCount "65"]
[EventDate "2008.04.25"]
[EventType "swiss"]
[EventRounds "6"]
[EventCountry "FRA"]
[SourceTitle "CBM 123 Extra"]
[Source "ChessBase"]
[SourceDate "2008.05.06"]
[SourceVersion "1"]
[SourceVersionDate "2008.05.06"]
[SourceQuality "1"]

1. d4 e6 2. c4 d5 3. Nf3 Nf6 4. e3 Be7 5. Nc3 0-0 6. Bd3 dxc4 7. Bxc4 c5 8. 0-0 b6 9. d5 exd5 10. Nxd5 Bb7 11. Nxe7+ Qxe7 12. Be2 Rd8 13. Qb3 Nbd7 14. Qc3 Ne4 15. Qa3 Ndf6 16. h3 Rd6 17. b4 cxb4 18. Qxb4 Nd5 19. Qb3 Nc5 20. Qc4 Ba6 21. Qc2 Nb4 22. Qb2 Bxe2 23. Qxe2 Rad8 24. Ba3 Nbd3 25. Nd4 Rxd4 26. Qc2 R4d7 27. Rab1 Qe4 28. Rbd1 Qa4 29. Qxa4 Nxa4 30. f3 Ndc5 31. Rde1 Rd2 32. Rf2 Rxf2 33. Kxf2 0-1

[Event "Nantes op 6th"]
[Site "Nantes"]
[Date "2007.12.26"]
[Round "1"]
[White "Leprince, Jean Louis"]
[Black "Murie, Eric"]
[Result "1-0"]
[WhiteElo "1820"]
[BlackElo "2078"]
[PlyCount "85"]
[EventDate "2007.12.26"]
[EventType "swiss"]
[EventRounds "7"]
[EventCountry "FRA"]
[SourceTitle "CBM 122 Extra"]
[Source "ChessBase"]
[SourceDate "2008.03.04"]
[SourceVersion "1"]
[SourceVersionDate "2008.03.04"]
[SourceQuality "1"]

1. d4 e6 2. c4 f5 3. Nf3 b6 4. Nc3 Bb7 5. e3 Nf6 6. Be2 Bb4 7. Bd2 0-0 8. 0-0 d6 9. Qc2 Nbd7 10. Rad1 Bxc3 11. Bxc3 Ne4 12. Nd2 Qg5 13. f4 Qh4 14. Bf3 Ndf6 15. h3 Rae8 16. Be2 Ng3 17. Nf3 Qh5 18. Rf2 Qg6 19. Bd3 Nfe4 20. Rff1 Nxf1 21. Rxf1 Nxc3 22. bxc3 Qf6 23. Nd2 Re7 24. Be2 e5 25. fxe5 dxe5 26. d5 g6 27. Bf3 Qg5 28. e4 Qe3+ 29. Kh1 Qc5 30. Be2 c6 31. exf5 gxf5 32. Rxf5 Rxf5 33. Qxf5 Qe3 34. Qg4+ Kh8 35. Ne4 Qf4 36. d6 Qxg4 37. Bxg4 Re8 38. d7 Rd8 39. Nd6 Rxd7 40. Bxd7 Ba8 41. Nf7+ Kg7 42. Nxe5 c5 43. Bc6 1-0